Assegna un Paese valido per ciascuna lunghezza del nome - Statistics

Statistiche generali
  • Questo quiz è stato fatto 289 volte
  • Il punteggio medio è 8 su 10
Statistiche sulle risposte
Lunghezza Risposta # di Paesi % Corretto
6 Angola | Belgio | Belize | Bhutan | Brunei | Canada | Comore | Egitto | Gambia | Gibuti | Grecia | Guinea | Guyana | Italia | Kosovo | Kuwait | Libano | Malawi | Monaco | Panama | Ruanda | Russia | Serbia | Spagna | Svezia | Taiwan | Tuvalu | Uganda | Zambia 29
99%
4 Ciad | Cile | Cina | Cuba | Figi | Iran | Iraq | Laos | Mali | Oman | Peru | Togo 12
99%
8 Barbados | Botswana | Bulgaria | Cambogia | Colombia | Dominica | eSwatini | Germania | Giamaica | Giappone | Honduras | Kiribati | Lettonia | Lituania | Malaysia | Moldavia | Mongolia | Norvegia | Pakistan | Paraguay | Slovenia | Suriname | Svizzera | Tanzania | Ungheria | Zimbabwe 26
97%
7 Albania | Algeria | Andorra | Armenia | Austria | Bahamas | Bahrein | Bolivia | Brasile | Burundi | Camerun | Croazia | Ecuador | Eritrea | Estonia | Etiopia | Francia | Georgia | Grenada | Irlanda | Islanda | Israele | Lesotho | Liberia | Maldive | Marocco | Messico | Myanmar | Namibia | Nigeria | Polonia | Romania | Senegal | Somalia | Tunisia | Turchia | Ucraina | Uruguay | Vanuatu | Vietnam 40
96%
5 Benin | Cipro | Gabon | Ghana | Haiti | India | Kenya | Libia | Malta | Nauru | Nepal| Niger | Palau | Qatar | Samoa | Siria | Sudan | Tonga | Yemen 19
95%
9 Argentina | Australia | Danimarca | Filippine | Finlandia | Giordania | Guatemala | Indonesia | Mauritius | Mozambico | Nicaragua | Singapore | Sudafrica | Venezuela 14
92%
10 Bangladesh | Kazakistan | Madagascar | Mauritania | Micronesia | Montenegro | Portogallo | Seychelles | Slovacchia | Tagikistan | Thailandia | Uzbekistan 12
89%
11 Afghanistan | Azerbaigian | Bielorussia | Lussemburgo 4
67%
12 Kirghizistan | Turkmenistan 2
56%
13 Liechtenstein 1
36%
Nessun quiz corrispondente trovato
Distribuzione punteggi
Percentuale di utenti per punteggio
Percentile per numero di risposta
I tuoi punteggi nel tempo
Non hai fatto questo quiz